|
|
|
|
| LEADER |
00000naa2a2200000 4500 |
| 001 |
254738 |
| 005 |
20231031214950.0 |
| 035 |
|
|
|a (RuTPU)RU\TPU\book\277227
|
| 035 |
|
|
|a RU\TPU\book\277222
|
| 090 |
|
|
|a 254738
|
| 100 |
|
|
|a 20140324d2012 k y0rusy50 ca
|
| 101 |
0 |
|
|a rus
|
| 102 |
|
|
|a RU
|
| 200 |
1 |
|
|a Краткая характеристика литогенетических типов аллювиальных фаций (на примере нижне-среднеюрских отложений Нюрольской впадины)
|f М. В. Мищенко
|
| 225 |
1 |
|
|a Западно-Сибирский регион (Западно-Сибирская плита)
|
| 320 |
|
|
|a Библиогр.: с. 254 (11 назв.)
|
| 463 |
|
0 |
|0 (RuTPU)RU\TPU\book\269418
|t Фациальный анализ в нефтегазовой литологии
|o труды II Регионального совещания, посвященного 100-летию доктора геолого-минералогических наук Л. Н. Ботвинкиной, 2012 г., г. Томск
|f Национальный исследовательский Томский политехнический университет (ТПУ), Институт природных ресурсов (ИПР), Центр подготовки и переподготовки специалистов нефтегазового дела (ЦППС НД) ; гл. ред. В. Б. Белозёров
|v С. 245-254
|d 2012
|p 358 с.
|
| 610 |
1 |
|
|a залежи
|
| 610 |
1 |
|
|a литогенетические типы
|
| 610 |
1 |
|
|a реки
|
| 610 |
1 |
|
|a поймы
|
| 610 |
1 |
|
|a текстуры
|
| 610 |
1 |
|
|a слоистость
|
| 610 |
1 |
|
|a аллювиальные отложения
|
| 610 |
1 |
|
|a нижне-среднеюрские отложения
|
| 610 |
1 |
|
|a труды учёных ТПУ
|
| 700 |
|
1 |
|a Мищенко
|b М. В.
|c гидрогеолог
|c инженер Томского политехнического университета, ассистент
|f 1980-
|g Мария Валериевна
|2 stltpush
|3 (RuTPU)RU\TPU\pers\28749
|
| 801 |
|
1 |
|a RU
|b 63413507
|c 20140314
|
| 801 |
|
2 |
|a RU
|b 63413507
|c 20140324
|g RCR
|
| 942 |
|
|
|c BK
|